000 00761nam a2200241 a 4500
001 70068
003 BD-RjUL
005 20211209081948.0
008 170415s1967 nyua b 001 0 eng d
035 _a(BD-RjUL)70280
040 _aDLC
_cDLC
_dBD-RjUL
_beng
041 _aeng
082 _a514.2
_223
_bMAA 1967
100 1 _aMassey, William S.
_9207510
245 1 0 _aAlgebraic topology :
_ban introduction /
_c[by] William S. Massey.
260 _aNew York :
_bHarcourt, Brace & World,
_c1967.
300 _axix, 261 p. :
_bill. ;
_c24 cm.
490 _aHarbrace college mathematics series
504 _aIncludes bibliographies and index
650 0 _aAlgebraic topology.
_9151184
830 0 _aHarbrace college mathematics series
_9207519
942 _2ddc
_cBK
999 _c70068
_d70068